Catálogo público

Importancia de la cadena de frío en la calidad de los alimentos en cinco supermercados de Texcoco, estado de México / (Record no. 176088)

MARC details
000 -CABECERA
campo de control de longitud fija 04735nam a2200421 a 4500
001 - NÚMERO DE CONTROL
campo de control dia_5202
003 - IDENTIFICADOR DEL NÚMERO DE CONTROL
campo de control CHAP
005 - FECHA Y HORA DE LA ÚLTIMA TRANSACCIÓN
campo de control 20240903121618.0
007 - CAMPO FIJO DE DESCRIPCIÓN FÍSICA--INFORMACIÓN GENERAL
campo de control de longitud fija ta
008 - DATOS DE LONGITUD FIJA--INFORMACIÓN GENERAL
campo de control de longitud fija 220117s2013 mx ad frm 001 0 spa d
010 ## - NÚMERO DE CONTROL DE LA BIBLIOTECA DEL CONGRESO
Número de control de LC 176088
040 ## - FUENTE DE LA CATALOGACIÓN
Centro catalogador/agencia de origen mxchpua
Centro/agencia transcriptor CHAP
041 0# - CÓDIGO DE LENGUA
Código de lengua del texto/banda sonora o título independiente spa
Código de lengua del sumario o resumen eng
090 ## - LOCALMENTE ASIGNADO TIPO-LC NÚMERO DE CLASIFICACIÓN (OCLC); NÚMERO DE CLASIFICACIÓN LOCAL (RLIN)
Número de clasificación (OCLC) (R) ; Numero de clasificación, CALL (RLIN) (NR) Tesis
Número cutter local (OCLC) ; Número de libro/Signatura topográfica íntegra, CALL (RLIN) D66
año 2013
100 1# - ENTRADA PRINCIPAL--NOMBRE DE PERSONA
Nombre de persona Domínguez Cadena, María del Socorro
245 10 - MENCIÓN DE TÍTULO
Título Importancia de la cadena de frío en la calidad de los alimentos en cinco supermercados de Texcoco, estado de México /
Mención de responsabilidad, etc. Maria del Socorro Domínguez Cadena
264 ## - PRODUCCIÓN, PUBLICACIÓN, DISTRIBUCIÓN, FABRICACIÓN Y COPYRIGHT
Producción, publicación, distribución, fabricación y copyright Chapingo, México :
Nombre del de productor, editor, distribuidor, fabricante El autor,
Fecha de producción, publicación, distribución, fabricación o copyright 2013
300 ## - DESCRIPCIÓN FÍSICA
Extensión 47 hojas :
Otras características físicas ilustraciones, tablas, graficas +
Material acompañante/anejo 1 CD-ROM
336 ## - TIPO DE CONTENIDO
Fuente rdacontent
Término de tipo de contenido texto
Código de tipo de contenido txt
337 ## - TIPO DE MEDIO
Fuente rdamedia
Nombre/término del tipo de medio no mediado
Código del tipo de medio n
338 ## - TIPO DE SOPORTE
Fuente rdacarrier
Nombre/término del tipo de soporte volumen
Código del tipo de soporte nc
502 ## - NOTA DE TESIS
Nota de tesis Tesis
Tipo de título (Ingeniero Agroindustrial) --
Nombre de la institución que otorga el título UACh. Departamento de Ingeniería Agroindustrial,
Año de obtención del título 2013
504 ## - NOTA DE BIBLIOGRAFÍA, ETC.
Nota de bibliografía, etc. Bibliografía : hojas 40-44
520 3# - SUMARIO, ETC.
Sumario, etc. El manejo de la cadena de frío durante la cadena de suministro representa un factor indispensable para conservar la calidad e inocuidad de los productos cárnicos. Las interrupciones de la cadena de frío ocasionan importantes pérdidas económicas a las empresas distribuidoras de alimentos como los supermercados. El objetivo de este estudio es determinar los parámetros relevantes que inciden en la cadena de frío en los productos cárnicos en los supermercados. Se desarrolló una encuesta aplicada a 5 centros comerciales de la zona de Texcoco, Estado de México. El cuestionario integraba información sobre transporte, empaque, manejo de la calidad y la cadena de frío, tecnologías de monitoreo, tecnologías de refrigeración y almacenamiento. Los resultados obtenidos indican que el 100% de los supermercados utilizan embalaje aerobio en sus productos cárnicos al ingresar al supermercado y en su comercialización. Igualmente el 100% utiliza equipo automatizado para el registro de la calidad en la entrega de los productos y para identificar al proveedor, mientras que el 80% aplica el mismo equipo automatizado para el registro de calidad; control de temperatura, en el vehículo de transporte y en la sala de almacenamiento. En cuanto a los equipos del sistema de refrigeración, el 100% cuenta con áreas de carga refrigeradas, y un 80% con cortinas de protección y puertas de deslizamiento rápido. Este estudio proporciona una visión general de las estrategias de control de la cadena de frío que manejan los supermercados de esta zona. Se trata de una información preliminar que proporciona una línea básica, sin embargo, es necesario continuar investigando para poder desarrollar estrategias que aseguren la calidad e inocuidad de los alimentos en esta cadena de suministro.
520 3# - SUMARIO, ETC.
Sumario, etc. Cold chain management throughout all supply chain is an essential factor in maintaining quality and safety of meat products. Cold chain Breaks cause significant economic losses to food distributors such as supermarkets. The aim of this study was to determine the relevant parameters affecting the cold chaining meat products at supermarkets. A survey was developed on five shopping centers in the area of Texcoco, State of Mexico. The questionnaire integrated information about transportation, packaging, quality management and cold chain monitoring technologies, cooling and storage technologies. The results indicate that aerobic packaging was used in 100% of respondents, at reception and marketing of the products. Besides, the 100% applied automatic equipment for recording product quality delivery and to identify suppliers, whilst 80% used automatic equipment as well for recording quality, temperature control at transport vehicle and in storage room. Regarding cooling equipment system, the 100% reported that cargo areas were refrigerated, the 80% of respondents used protection curtains and sliding doors fast. This study provides an overview of control strategies handled to maintain cold chain at supermarkets in the area. It is preliminary information that provides a base-line; however, more research is needed to develop strategies to ensure the quality and safety of food in the supply chain.
650 13 - PUNTO DE ACCESO ADICIONAL DE MATERIA--TÉRMINO DE MATERIA
Término de materia o nombre geográfico como elemento de entrada Frío
Fuente del encabezamiento o término atg
650 13 - PUNTO DE ACCESO ADICIONAL DE MATERIA--TÉRMINO DE MATERIA
Término de materia o nombre geográfico como elemento de entrada Almacenamiento en frío
Fuente del encabezamiento o término atg
650 13 - PUNTO DE ACCESO ADICIONAL DE MATERIA--TÉRMINO DE MATERIA
Término de materia o nombre geográfico como elemento de entrada Cold
Fuente del encabezamiento o término atg
650 13 - PUNTO DE ACCESO ADICIONAL DE MATERIA--TÉRMINO DE MATERIA
Término de materia o nombre geográfico como elemento de entrada Cold storage
Fuente del encabezamiento o término atg
700 1# - PUNTO DE ACCESO ADICIONAL--NOMBRE DE PERSONA
Nombre de persona Maldonado Simán, Ema de Jesús
Término indicativo de función/relación director
700 1# - PUNTO DE ACCESO ADICIONAL--NOMBRE DE PERSONA
Nombre de persona Ponce Hernández, Pedro
Término indicativo de función/relación asesor
700 1# - PUNTO DE ACCESO ADICIONAL--NOMBRE DE PERSONA
Nombre de persona Szymanski Duque, Rosa Guadalupe
Término indicativo de función/relación asesor
856 41 - LOCALIZACIÓN Y ACCESO ELECTRÓNICOS
Identificador Uniforme del Recurso <a href="http://10.13.5.2/tesis/sist109349.pdf">http://10.13.5.2/tesis/sist109349.pdf</a>
Texto de enlace DESCARGAR PDF
901 ## - ELEMENTOS DE DATOS A LOCAL LDA (RLIN)
a TESIS D66 2013
942 ## - ELEMENTOS DE PUNTO DE ACCESO ADICIONAL (KOHA)
Tipo de ítem Koha TESIS
Fuente del sistema de clasificación o colocación Clasificación Universidad Autónoma Chapingo
902 ## - ELEMENTOS DE DATOS B LOCAL, LDB (RLIN)
a M
905 ## - ELEMENTOS DE DATOS E LOCAL, LDE (RLIN)
a 5232272103 mx nm 8222223322spa16
Holdings
Estado de retiro Estado de pérdida Fuente del sistema de clasificación o colocación Estado dañado Restricciones de uso No para préstamo Código de colección Localización permanente Ubicación/localización actual Fecha de adquisición Fuente de adquisición Total de préstamos Signatura topográfica completa Código de barras Fecha visto por última vez Número de copia Precio válido a partir de Tipo de ítem Koha Ubicación en estantería
    Clasificación Universidad Autónoma de Chapingo   Préstamo interno   Tesis Ingenieria Agroindustrial Ingenieria Agroindustrial 02/07/2013 El autor   Tesis D66 2013 1101007419 18/01/2022 Ej.3 02/07/2013 CD  
    Clasificación Universidad Autónoma de Chapingo   Préstamo interno   Tesis Ingenieria Agroindustrial Ingenieria Agroindustrial 02/07/2013 El autor   Tesis D66 2013 1101007417 02/02/2026 Ej.1 02/07/2013 Tesis  
    Clasificación Universidad Autónoma de Chapingo   Préstamo interno   Tesis Ingenieria Agroindustrial Ingenieria Agroindustrial 02/07/2013 El autor   Tesis D66 2013 1101007418 18/01/2022 Ej.2 02/07/2013 CD  
    Clasificación Universidad Autónoma de Chapingo       Tesis digitales de Licenciatura Ingenieria Agroindustrial Ingenieria Agroindustrial 02/07/2013 El autor     1201007417 03/09/2024   02/07/2013 Tesis digital En línea